000 00897nam a2200301Ia 4500
003 OSt
005 20220912151107.0
006 a|||||r|||| 00| 0
007 ta
008 220909b |||||||| |||| 00| 0 eng d
020 _a8173715297 (pbk)
024 _a17552
037 _b291256, 14/03/2006, Worldwide Book Traders
037 _cTextbook
040 _aCSL
_beng
_cCSL
041 _aeng
082 _aU25, P5 TU
100 _aGupta Harsh K Ed.
245 0 _aOceanology
260 _aHyderabad
_bUniversities Press (India) Private Limited
_c2005
300 _ax, 222p.
_ccm.
500 _aIncludes bibliographical references.; Index 209-216p.
_ccm.
650 _a Ocean technology
650 _a Oceanology
650 _aGeology
942 _hU25, P5 TU
_cTB
_2CC
999 _c60991
_d60991